000
00319nam a22001337a 4500
008
180131b xxu||||| |||| 00| 0 eng d
020
_a
0865420491
041
_a
eng
080
_a
591
100
_a
7
101
_a
ZOO
245
_a
ANTIMICROBIOLOGY THERAPY IN VETERINARY MEDICINE
_c
PRESCOTT.J.F
942
_2
udc
_c
BK
999
_c
41413
_d
41413